| 000 | 00752 a2200205 4500 | ||
|---|---|---|---|
| 008 | 210706b ||||| |||| 00| 0 eng d | ||
| 020 | _a9781466567498 | ||
| 050 |
_aQA76.9.A25 _bI54 2014 |
||
| 245 |
_aInformation security management handbook / _cedited by Richard O'Hanley & James S. Tiller _hvol. 7 |
||
| 250 | _a6th ed. | ||
| 260 |
_bCRC Press Taylor & Francis _c2014. _aBoca Raton, Fla. : _aLondon : |
||
| 300 |
_axiv, 420p. : _bill. ; _c26 cm. |
||
| 440 |
_aInformation Security books from Auerbach series _vvol. 7 |
||
| 500 | _aIncludes bibliographical references and index | ||
| 650 |
_aComputer security _xManagement |
||
| 650 | _aData protection | ||
| 700 | _a O'Hanley, Richard | ||
| 700 | _aTiller, James S. | ||
| 942 |
_cBK _2lcc |
||
| 999 |
_c56449 _d56449 |
||